ბათუმის შოთა რუსთაველის სახელმწიფო უნივერსიტეტის ბიბლიოთეკა

აუტ-საიდერის სოციალური ქსელი / (ბიბ.ჩანაწერი № 58620)

000 -ლიდერი
ფიქსირებული სიგრძის საკონტროლო ველი 01197nam a22002057a 4500
003 - საკონტროლო ნომრის იდენტიფიკატორი
საკონტროლო ველი Ge_BSU
005 - ბოლო ოპერაციის თარიღი და დრო
საკონტროლო ველი 20220615130641.0
008 - ფიქსირებული სიგრძის მონაცემთა ელემენტები - ზოგადი ინფორმაცია
ფიქსირებული სიგრძის საკონტროლო ველი 220615s2016 ge ||||| |||| 00| 0 geo d
020 ## - წიგნის საერთაშორისო სტანდარტული ნომერი
International Standard Book Number 9789941466731
041 ## - ენის კოდი
Language code of text/sound track or separate title geo
080 ## - უნივერსალური ათობითი კლასიფიკაციის ინდექსი
Universal Decimal Classification number 821.353.1-32 ნ-69
100 ## - მთავარი ჩანაწერი - პიროვნების სახელი
Personal name ნიჟარაძე, გურანდა
9 (RLIN) 14102
245 ## - ცნობა სათაურის შესახებ
Title აუტ-საიდერის სოციალური ქსელი /
Statement of responsibility, etc გურანდა ნიჟარაძე ; რედაქტორი ციალა ლაგვილავა ; გარეკანის დიზაინერი ილია ხელაია ; გარეკანის ფოტოს ავტორი დეა სოსელია.
264 ## - წარმოების, გამოცემის, დისტრიბუციის და სხვა ცნობები
გამოცემის, წარმოების, დისტრიბუციის... ადგილი თბილისი :
გამოცემის, წარმოების, დისტრიბუციის... სახელწოდება ინტელექტი,
გამოცემის, წარმოების, დისტრიბუციის... თარიღი 2016.
300 ## - ფიზიკური აღწერა
Extent 284 გვ. ;
Other physical details 20 სმ.
700 ## - ADDED ENTRY--PERSONAL NAME
Personal name ლაგვილავა, ციალა
Relator term რედაქტორი
9 (RLIN) 14103
700 ## - ADDED ENTRY--PERSONAL NAME
Personal name ხელაია, ილია
Relator term გარეკანის დიზაინერი
9 (RLIN) 14070
700 ## - ADDED ENTRY--PERSONAL NAME
Personal name სოსელია, დეა
Relator term გარეკანის ფოტოს ავტორი
9 (RLIN) 14104
942 ## - ADDED ENTRY ELEMENTS (KOHA)
Source of classification or shelving scheme
Koha item type წიგნი
ეგზემპლარები
ჩამოწერის სტატუსი დაკარგული ეგზემპლარის სტატუსი კლასიფიკაციის წყარო ან თაროზე გაწყობის სქემა დაზიანების სტატუსი არ გაიცემა მუდმივი მდებარეობა (დაცვის ადგილი) ამჟამინდელი ადგილსამყოფელი თაროზე განთავსების ადგილი შეძენის თარიღი ღირებულება, შესყიდვის ნორმალური ფასი სრული შენახვის შიფრი შტრიხკოდი ბოლო ოპერაციის თარიღი ეგზემპლარის მიმდევრობითი ნომერი (კეტერი?) ფასის ძალაში შესვლის თარიღი ეგზემპლარის სახეობა საჯარო შენიშვნა
          ბათუმის შოთა რუსთაველის სახელმწიფო უნივერსიტეტის მთავარი ბიბლიოთეკა ბათუმის შოთა რუსთაველის სახელმწიფო უნივერსიტეტის მთავარი ბიბლიოთეკა წიგნსაცავი 2022-06-15 8.00 821.353.1-32 ნ-69 62669 2022-06-15 62669 2022-06-15 წიგნი 8 ლ.
          ბათუმის შოთა რუსთაველის სახელმწიფო უნივერსიტეტის მთავარი ბიბლიოთეკა ბათუმის შოთა რუსთაველის სახელმწიფო უნივერსიტეტის მთავარი ბიბლიოთეკა წიგნსაცავი 2022-06-15 8.00 821.353.1-32 ნ-69 62670 2022-06-15 62670 2022-06-15 წიგნი 8 ლ.
          ბათუმის შოთა რუსთაველის სახელმწიფო უნივერსიტეტის მთავარი ბიბლიოთეკა ბათუმის შოთა რუსთაველის სახელმწიფო უნივერსიტეტის მთავარი ბიბლიოთეკა წიგნსაცავი 2022-06-15 8.00 821.353.1-32 ნ-69 62671 2022-06-15 62671 2022-06-15 წიგნი 8 ლ.